| 000 | 004460000a22001330004500 | ||
|---|---|---|---|
| 090 |
_aAS _bSeriadas |
||
| 245 | 1 | 0 | _aContribución al conocimiento de las interacciones entre plantas, hormigas y homópteros en bosques secos de Colombia |
| 041 | 0 | _aEspañol | |
| 700 | 1 |
_aChacón de Ulloa, Patricia _91469 |
|
| 700 | 1 |
_aCalle, Zoraida _95697 |
|
| 100 | 1 |
_aRamírez, Mónica _999375 |
|
| 942 | _cARTICULO | ||
| 773 | 1 |
_tCaldasia _345 _h2 _q523-536 _d2001 _g23 |
|
| 999 |
_c14807 _d14807 |
||